[Event "FRA-ch op-C"]
[Site "Saint Quentin"]
[Date "2015.??.??"]
[Round "8"]
[White "Moleins, Adrien"]
[Black "Deschamps, Quentin"]
[Result "0-1"]
[WhiteElo "1780"]
[BlackElo "1683"]
[PlyCount "72"]
[EventDate "2015.08.09"]
[EventType "swiss"]
[EventRounds "11"]
[EventCountry "FRA"]
[SourceTitle "EXT 2016"]
[Source "ChessBase"]
[SourceDate "2015.10.08"]
[SourceVersion "1"]
[SourceVersionDate "2015.10.08"]
[SourceQuality "1"]

1. e4 c5 2. Nf3 d6 3. c3 Nf6 4. h3 Nc6 5. Qc2 e6 6. d4 d5 7. e5 Nd7 8. a3 f6 9. Bf4 Qb6 10. exf6 cxd4 11. fxg7 Bxg7 12. Bd3 e5 13. Bg3 e4 14. Bxe4 dxe4 15. Qxe4+ Ne7 16. Nxd4 Bxd4 17. Qxd4 Qxd4 18. cxd4 Nf6 19. Nc3 Ned5 20. Nb5 0-0 21. f3 Nh5 22. Be5 Nhf4 23. Kd2 Ng6 24. Bg3 a6 25. Nd6 Rd8 26. Rhe1 Ndf4 27. Re8+ Rxe8 28. Nxe8 Be6 29. Nd6 Rd8 30. Nxb7 Rxd4+ 31. Ke3 Rd3+ 32. Kf2 Rd2+ 33. Ke3 Re2+ 34. Kd4 Rxb2 35. Nc5 Ne2+ 36. Ke3 Nxg3 0-1

[Event "Loire-ch Top20 1213"]
[Site "Loire"]
[Date "2013.03.22"]
[Round "7"]
[White "Aumont Mathieu, Georges"]
[Black "Moleins, Adrien"]
[Result "1/2-1/2"]
[WhiteElo "1800"]
[BlackElo "1755"]
[PlyCount "81"]
[EventDate "2012.10.06"]
[EventType "swiss"]
[EventRounds "8"]
[EventCountry "FRA"]
[SourceTitle "EXT 2014"]
[Source "ChessBase"]
[SourceDate "2013.11.20"]
[SourceVersion "1"]
[SourceVersionDate "2013.11.20"]
[SourceQuality "1"]

1. e4 c5 2. c3 e6 3. Nf3 Nc6 4. d3 Nf6 5. Bf4 d5 6. Nbd2 Be7 7. h3 0-0 8. Be2 Qb6 9. Qb3 Qd8 10. 0-0 b6 11. Rad1 Ba6 12. Qa4 Qc8 13. Rfe1 b5 14. Qc2 d4 15. cxd4 cxd4 16. Rc1 Bb7 17. Qb3 Qd7 18. Qxb5 Rfc8 19. Qa4 Ne8 20. e5 Rab8 21. Nb3 Qd5 22. Qc4 Qd8 23. Qa4 Ba8 24. Rc4 Nc7 25. Nfxd4 Nd5 26. Nxc6 Bxc6 27. Rxc6 Nxf4 28. Rxc8 Nxe2+ 29. Rxe2 Rxc8 30. Qxa7 Qxd3 31. Rd2 Qb1+ 32. Kh2 Bg5 33. Rd4 Qxb2 34. f4 Bh4 35. Qa6 Rf8 36. Rd2 Qc3 37. Qd3 Qb4 38. g3 Be7 39. Qd7 h6 40. Qd4 Qb5 41. h4 1/2-1/2

[Event "Loire-ch Top20 1213"]
[Site "Loire"]
[Date "2013.02.16"]
[Round "6"]
[White "Moleins, Adrien"]
[Black "Deville, Olivier"]
[Result "1/2-1/2"]
[WhiteElo "1740"]
[BlackElo "1964"]
[PlyCount "69"]
[EventDate "2012.10.06"]
[EventType "swiss"]
[EventRounds "8"]
[EventCountry "FRA"]
[SourceTitle "EXT 2014"]
[Source "ChessBase"]
[SourceDate "2013.11.20"]
[SourceVersion "1"]
[SourceVersionDate "2013.11.20"]
[SourceQuality "1"]

1. e4 c5 2. Nf3 d6 3. c3 Nf6 4. Bd3 e6 5. Bc2 Be7 6. d4 Nbd7 7. 0-0 0-0 8. e5 Nd5 9. Nbd2 cxd4 10. cxd4 Qc7 11. Re1 f5 12. exd6 Qxd6 13. Nc4 Qc7 14. Bb3 N7f6 15. Ng5 Ng4 16. Nf3 b5 17. Ne3 Ngxe3 18. Bxe3 Qd6 19. Bg5 Bf6 20. Qd2 Bd7 21. Rac1 Rac8 22. Qa5 a6 23. g3 Rxc1 24. Rxc1 Rc8 25. Rxc8+ Bxc8 26. Bxf6 gxf6 27. Qd2 Bb7 28. Qh6 Qc6 29. Kf1 f4 30. Qh5 Nb4 31. Qg4+ Kf7 32. Qh5+ Kg7 33. Qg4+ Kf7 34. Qh5+ Kg7 35. Qg4+ 1/2-1/2

[Event "Loire-ch Top20 1112"]
[Site "Loire"]
[Date "2012.04.28"]
[Round "6.4"]
[White "Aumont Mathieu, Georges"]
[Black "Moleins, Adrien"]
[Result "0-1"]
[WhiteElo "1910"]
[BlackElo "1718"]
[PlyCount "52"]
[EventDate "2011.10.08"]
[EventType "tourn"]
[EventRounds "7"]
[EventCountry "FRA"]
[SourceTitle "EXT 2014"]
[Source "ChessBase"]
[SourceDate "2013.11.20"]
[SourceVersion "1"]
[SourceVersionDate "2013.11.20"]
[SourceQuality "1"]

1. e4 c5 2. c3 Nc6 3. Nf3 e6 4. d4 cxd4 5. cxd4 Nf6 6. Nc3 Bb4 7. Bd3 Qb6 8. Bc2 d5 9. e5 Ne4 10. Qd3 Bd7 11. 0-0 Nxc3 12. bxc3 Be7 13. a4 Na5 14. Rb1 Qc7 15. Nd2 a6 16. Qg3 g6 17. h4 Rc8 18. Bb2 b5 19. Bd3 bxa4 20. Bxa6 Rb8 21. c4 Qa7 22. Bc3 Rxb1 23. Rxb1 Qxa6 24. Rb8+ Bd8 25. Qg5 Nc6 26. Bb4 Nxb8 0-1

[Event "Loire-ch Top20 1011"]
[Site "Loire"]
[Date "2011.02.12"]
[Round "5"]
[White "Moleins, Adrien"]
[Black "Deville, Olivier"]
[Result "1-0"]
[WhiteElo "1699"]
[BlackElo "1979"]
[PlyCount "59"]
[EventDate "2010.10.09"]
[EventType "swiss"]
[EventRounds "7"]
[EventCountry "FRA"]
[SourceTitle "EXT 2012"]
[Source "ChessBase"]
[SourceDate "2011.11.24"]
[SourceVersion "1"]
[SourceVersionDate "2011.11.24"]
[SourceQuality "1"]

1. e4 c5 2. Nf3 d6 3. c3 Nf6 4. Qc2 Nc6 5. d4 cxd4 6. cxd4 Bg4 7. d5 Nb8 8. Nd4 a6 9. Be3 e5 10. Nb3 Be7 11. a4 0-0 12. N1d2 a5 13. Nc4 Nfd7 14. f3 Bh5 15. Qf2 Bg6 16. Nb6 Ra6 17. Bxa6 Nxa6 18. 0-0 Nac5 19. Nxc5 Nxc5 20. Bxc5 dxc5 21. Nc4 f5 22. d6 Bf6 23. exf5 Bxf5 24. Qxc5 Qc8 25. Qxc8 Rxc8 26. Rac1 Bg5 27. Rc3 e4 28. fxe4 Bxe4 29. d7 Rc7 30. Re1 1-0

[Event "Loire-ch Top20 0910"]
[Site "Loire"]
[Date "2009.10.10"]
[Round "1"]
[White "Muller, Anthony"]
[Black "Moleins, Adrien"]
[Result "0-1"]
[WhiteElo "1920"]
[BlackElo "1688"]
[PlyCount "118"]
[EventDate "2009.12.??"]
[EventType "tourn"]
[EventRounds "7"]
[EventCountry "FRA"]
[SourceTitle "EXT 2011"]
[Source "ChessBase"]
[SourceDate "2010.11.26"]
[SourceVersion "1"]
[SourceVersionDate "2010.11.26"]
[SourceQuality "1"]

1. c4 f5 2. Nc3 Nf6 3. g3 e5 4. Bg2 Bc5 5. e3 Nc6 6. Nge2 e4 7. d4 Be7 8. Nf4 Bd6 9. Nfe2 Nb4 10. 0-0 c6 11. Bd2 Nd3 12. Qb1 Bc7 13. d5 Ne5 14. b3 0-0 15. Nd4 d6 16. f4 Neg4 17. h3 c5 18. Nxf5 Bxf5 19. hxg4 Nxg4 20. Bxe4 Bxe4 21. Qxe4 Re8 22. Qf3 Qd7 23. Ne4 Qf5 24. Ng5 Qd3 25. Qxg4 Qxd2 26. Ne6 Qxe3+ 27. Kh2 Re7 28. Rae1 Qd2+ 29. Re2 Qd3 30. Rfe1 Rae8 31. Re3 Qg6 32. Qf3 Ba5 33. R1e2 Qf6 34. f5 a6 35. g4 Rf7 36. Rf2 h6 37. Rfe2 Bb4 38. Nf4 Rxe3 39. Qxe3 Bc3 40. Ng6 Be5+ 41. Nxe5 Re7 42. Ng6 Rxe3 43. Rxe3 Qd8 44. Re7 b5 45. Ra7 bxc4 46. bxc4 a5 47. Kg3 Kh7 48. Rd7 Qe8 49. Re7 Qa4 50. Re1 Qa3+ 51. Kf2 Qxa2+ 52. Re2 Qa4 53. Re7 h5 54. Rf7 hxg4 55. Kg3 Qxc4 56. Kh4 Kh6 57. Ne7 Qd4 58. f6 g5+ 59. Kg3 Qg1# 0-1

[Event "Loire-ch op 0506"]
[Site "Loire"]
[Date "2006.02.11"]
[Round "4"]
[White "Moleins, Adrien"]
[Black "Bruyas, Benjamin"]
[Result "1-0"]
[WhiteElo "1700"]
[BlackElo "1580"]
[PlyCount "71"]
[EventDate "2005.11.27"]
[EventType "swiss"]
[EventRounds "6"]
[EventCountry "FRA"]
[SourceTitle "EXT 2008"]
[Source "ChessBase"]
[SourceDate "2007.11.25"]
[SourceVersion "1"]
[SourceVersionDate "2007.11.25"]
[SourceQuality "1"]

1. e4 e6 2. d4 d5 3. exd5 exd5 4. c4 dxc4 5. Bxc4 Nf6 6. Bf4 Bd6 7. Bg5 0-0 8. Nf3 Re8+ 9. Be2 Bb4+ 10. Nc3 c5 11. 0-0 Nc6 12. d5 Ne5 13. Bb5 Bd7 14. Bxf6 Qxf6 15. Nxe5 Bxb5 16. Ng4 Qg5 17. Nxb5 a6 18. Nc7 Re1 19. Rxe1 Bxe1 20. Qxe1 Rc8 21. h3 g6 22. d6 h5 23. d7 Rxc7 24. Qe8+ Kg7 25. d8Q Qxd8 26. Qxd8 hxg4 27. Qxc7 gxh3 28. Qxc5 hxg2 29. Qc3+ Kf8 30. Qc8+ Ke7 31. Qxb7+ Kd6 32. Qxa6+ Ke5 33. Re1+ Kd5 34. Qd3+ Kc5 35. Re5+ Kb4 36. Qb3# 1-0

[Event "Loire-ch op 0405"]
[Site "Loire"]
[Date "2005.04.09"]
[Round "6"]
[White "Moleins, Adrien"]
[Black "Brachet, Gerard"]
[Result "0-1"]
[WhiteElo "1099"]
[BlackElo "1340"]
[PlyCount "106"]
[EventDate "2004.10.16"]
[EventType "swiss"]
[EventRounds "9"]
[EventCountry "FRA"]
[SourceTitle "EXT 2008"]
[Source "ChessBase"]
[SourceDate "2007.11.25"]
[SourceVersion "1"]
[SourceVersionDate "2007.11.25"]
[SourceQuality "1"]

1. e4 e5 2. Nf3 Nc6 3. d4 exd4 4. Nxd4 Qf6 5. Nxc6 Qxc6 6. Nc3 Bb4 7. Bd3 Bxc3+ 8. bxc3 d6 9. Bd2 Nf6 10. 0-0 0-0 11. Re1 Qc5 12. h3 b6 13. Rb1 Bb7 14. Rb5 Qc6 15. Rb4 Rfe8 16. Rc4 Qd7 17. Bg5 Re6 18. e5 dxe5 19. Bf5 Qxd1 20. Rxd1 Rd6 21. Rxd6 cxd6 22. Bxf6 gxf6 23. Rb4 Rc8 24. Bxc8 Bxc8 25. Rb1 d5 26. Rd1 Be6 27. Rd3 a5 28. Rg3+ Kh8 29. h4 d4 30. cxd4 exd4 31. Ra3 f5 32. h5 Kg7 33. Rh3 Bxa2 34. f3 Bb1 35. h6+ Kg6 36. Rh2 Bxc2 37. g4 d3 38. gxf5+ Kxf5 39. Kf2 Kf4 40. Ke1 Ke3 41. f4 a4 42. Rh3+ Kxf4 43. Kd2 a3 44. Rh1 a2 45. Ra1 Bb1 46. Kc1 Kg5 47. Rxb1 axb1Q+ 48. Kxb1 f5 49. Kc1 f4 50. Kd2 f3 51. Kxd3 b5 52. Ke3 b4 53. Kxf3 b3 0-1

[Event "Loire-ch op 0405"]
[Site "Loire"]
[Date "2004.10.16"]
[Round "1"]
[White "Granger, Thierry"]
[Black "Moleins, Adrien"]
[Result "1-0"]
[WhiteElo "1499"]
[BlackElo "1099"]
[PlyCount "50"]
[EventDate "2004.10.16"]
[EventType "swiss"]
[EventRounds "9"]
[EventCountry "FRA"]
[SourceTitle "EXT 2008"]
[Source "ChessBase"]
[SourceDate "2007.11.25"]
[SourceVersion "1"]
[SourceVersionDate "2007.11.25"]
[SourceQuality "1"]

1. d4 d5 2. c4 dxc4 3. Nf3 Bf5 4. Nc3 e6 5. e3 Nf6 6. Bxc4 Nc6 7. h3 Nb4 8. e4 Nxe4 9. Qa4+ c6 10. 0-0 Nxc3 11. bxc3 Bc2 12. Bb3 b5 13. Qa3 Nd3 14. Qa6 Bxb3 15. axb3 Qc7 16. Qa2 Nxc1 17. Raxc1 b4 18. c4 Be7 19. Rce1 Bf6 20. Qd2 c5 21. Ne5 0-0 22. Rb1 Rfd8 23. Qf4 Rxd4 24. Qe3 Bxe5 25. Qxe5 Qxe5 1-0